LEADER 00400nab a2200145 i 4500 001 000000263152 003 CaOOAMICUS 005 20190404112816.0 008 051129n xx uu u0 0und r 013 $a4677 040 $aSeMil$bita 245 10$a2005 : 3. 773 0 $t2005.$dBerlin ; New York : De Gruyter, copyr. 2005.$w()117851 996 $6245$a2005 : 3$9(OLS)http://semarc/title/220271 LEADER 00889nam a2200217 4500 001 000000355107 003 CaOOAMICUS 005 20250825120129.0 008 230825s1817 it a 000 u ita r 026 $ei.ei b-r- orl- pepe (3) 1817 (R) 040 $aSeMil$bita 245 10$aT. 1. 264 1$aFirenze :$bpresso i Carli,$c1817. 300 $aIV, 418, [2] p. , [1] c. di tav., [1] c. di tav. ripieg. :$bill. ;$c4° 500 $aSegn.: ?² 1-48? 49-57² 773 0 $aLanzi, Luigi <1732-1810>$tOpere postume dell'abate don Luigi Lanzi. Tomo 1. [-2.].$dFirenze : presso i Carli, 1817.$g1$w()355106 850 $aSeMil 852 $aSeMil$W1$xVenegono$y1$m3XC VI 19 FA$j243204$B246391$CSeMilBibl$Z2$F246391 $8I 996 $6245$aT. 1$9(OLS)http://semarc/title/296473 996 $6264$aFirenze :$bpresso i Carli$9(OLS)http://semarc/publisher/61190